00494pab a2200169 454500008004000000100002100040245008500061260000900146300001300155362001100168650002700179650002300206650001300229650002700242700002100269773003400290180718b1998 xxu||||| |||| 00| 0 eng d aNeogi, Chiranjib aImpact of liberalisation on performance of Indian industries: a firm level study c1998 ap.M16-24 a28 Feb aLiberalization - India aIndia - Industries aIndustry aIndustrial development aGhosh, Buddhadeb aEconomic and Political Weekly